000 01191nam a2200229Ia 4500
003 OSt
005 20220923221852.0
006 a|||||r|||| 00| 0
007 ta
008 220922b |||||||| |||| 00| 0 hin d
024 _a200,661
037 _cTextual
040 _aARTS
_cARTS
_bhin
041 _2hin
_ahin
082 _aV2:25xM69:2, K2
100 _aगांधी, मोहनदास कर्मचन्द
_9165693
245 0 _aधर्म निति गांधी जी की निति धर्म सर्वोदय मंगल प्रभात और आश्रम वासियों से नामक पुस्तको तथा नीतिमय जीवन संबंधी स्फुूटु लेखों का संग्रह
246 _aDharma niti gāandhī jī kī niti dharma sarvodaya hingal prabhāt aur āshram vāsiyoan se nāmak pustako tathā nītimaya jīvan sanbandhī sfuūṭu lekhoan kā sangraha
490 _aगांधी साहित्य 5
942 _hV2:25xM69:2, K2
_cTEXL
_2CC
999 _c352333
_d352333